[Event "Your Next Move GCT 2018-Rapid"]
[Site "Leuven"]
[Date "2018.06.13"]
[Round "5"]
[White "Mamedyarov, Shakhriyar"]
[Black "Karjakin, Sergey"]
[Result "1/2-1/2"]
[WhiteElo "2766"]
[BlackElo "2743"]
[Annotator "TA"]
[PlyCount "246"]
[EventDate "2018.??.??"]
[EventType "tourn"]
[EventCountry "BEL"]
[SourceTitle "playchess.com"]
[Source "ChessBase"]
[SourceQuality "1"]

{[%evp 19,246,0,45,45,45,41,42,34,41,41,41,33,32,37,54,58,58,54,60,56,56,50,76,43,51,49,87,34,27,10,11,20,16,3,8,0,30,30,21,21,21,29,23,22,25,29,41,47,56,50,39,47,43,39,41,47,59,59,59,59,133,133,233,234,273,273,281,280,243,195,340,325,306,59,324,314,483,455,453,419,685,671,944,859,819,839,803,787,774,733,662,621,1206,843,12839,1600,1643,1490,12839,12839,12845,12845,12845,427,381,195,12838,12838,12839,12839,12844,12844,12845,12845,12845,12846,12846,12847,12851,12851,12851,0,0,0,12851,29981,12851,12851,12851,0,0,0,0,0,0,0,0,0,0,0,0,0,0,0,0,0,0,0,0,0,0,0,0,0,0,0,0,0,0,0,0,0,0,0,0,0,0,0,0,0,0,0,0,0,0,0,0,0,0,0,0,0,0,0,0,0,0,0,0,0,0,0,0,0,12851,0,0,0,0,0,0,0,0,0,0,0,0,0,0,0,0,0,0,0,0,0,0,0,0,0,0,0,0,0,0,0,0,0,0]} 1. d4 Nf6 2. c4 e6 3. Nc3 Bb4 4. Qc2 d5 5. a3 Bxc3+ 6. Qxc3 Ne4 7. Qc2 c5 8. dxc5 Nc6 9. Nf3 Qa5+ 10. Nd2 Nxd2 {LiveBook: 3 Games. E37: Nimzo-Indian: Classical: 4...d5 5 a3 Bxc3+ 6 Qxc3 Ne4} (10... Nxc5 $6 11. b4 $16) (10... Nd4 $5 {[%cal Rd4c2]} 11. Qd3 e5 $11) 11. Bxd2 (11. Qxd2 Qxc5 12. cxd5 Qxd5 13. e3 O-O 14. Qxd5 exd5 15. Bb5 Be6 16. Bd2 Ne5 17. Bc3 f6 18. f3 {1-0 (39) Barseghyan,H (2467)-Thorfinnsson,B (2426) chess.com INT 2018}) 11... Qxc5 12. e3 dxc4 {White is slightly better.} 13. Bxc4 Ne5 14. Bb3 Bd7 15. O-O $146 ({Predecessor:} 15. Qxc5 Nd3+ 16. Ke2 Nxc5 17. Bc4 O-O 18. Rac1 {1-0 (62) Boi,P (1600)-Riha,J (2027) FICGS email 2011}) 15... Qxc2 16. Bxc2 Bc6 17. Rfd1 O-O 18. Bc3 Nd7 19. f3 Rfd8 20. e4 (20. Bd4 {is more complex.} b6 21. Rac1 Rac8 22. b4 Bd5 23. Kf2) 20... Nc5 21. a4 {And now Rxd8+ would win.} (21. Bd4 {keeps more tension.} b6 22. Rac1 a5 23. b4 axb4 24. axb4 Na6 25. Rb1) 21... Rxd1+ 22. Bxd1 a5 23. Kf2 ({Better is} 23. Bd4 $1 $16 {[%cal Rd4c5]} b6 24. Bxc5 bxc5 25. Rc1) 23... e5 $14 24. Ke3 f6 25. b3 Bd7 26. Rc1 b6 27. Bb2 Be6 28. Rc3 Rd8 29. Bc2 Kf7 30. Ba3 Rc8 31. b4 axb4 32. Bxb4 Ke8 33. g3 g5 34. f4 exf4+ 35. gxf4 gxf4+ 36. Kxf4 Bd7 37. Bxc5 bxc5 {[%mdl 4096] Endgame KRB-KRB} 38. a5 {[%cal Ba4a5,Ba5a6][%mdl 32]} c4 39. Ra3 Ke7 (39... Kd8 $14) 40. Ke3 $1 $16 Rc5 (40... Rc7 $16 {is a better defense.} 41. Kd4 Bc8) 41. a6 $18 Bc6 42. Kd4 Rh5 43. h3 ({Resist} 43. Kxc4 $6 Rxh2 44. Bd3 h5 $18) 43... Kd6 44. Kxc4 Kc7 {[#]} (44... Rc5+ {keeps fighting.} 45. Kd3 f5) 45. Kd4 $1 ({Less strong is} 45. a7 Ba8 $18) 45... Kb6 46. Ba4 $2 ({White has to play} 46. a7 $18) 46... Ba8 $2 {[%mdl 8192]} ({Black should play} 46... Bxa4 $14 47. Rxa4 Ka7) 47. Bd7 Re5 (47... Ka7 $142 48. Bf5 Rh4) 48. Bf5 Re7 49. h4 h5 (49... Re8 $142 50. h5 (50. Bxh7 Rd8+ 51. Ke3 Rh8 $16) 50... h6) 50. Rg3 Kxa6 51. Rg6 Bc6 52. Rxf6 Kb7 53. e5 Kc7 54. Rh6 Bf3 55. Ra6 Kd8 56. Ra3 Bb7 57. Rg3 (57. e6 $142 Bg2 58. Ke5) 57... Rf7 58. Rg5 Bf3 59. e6 Rc7 60. Rg8+ Ke7 61. Ke5 (61. Rg7+ $142 Kd8 62. Rxc7 Kxc7 63. Ke5) 61... Rc5+ 62. Kf4 {Hoping for Rg7+.} Bg4 $2 (62... Bc6 63. Rg7+ Kd6) 63. Rg7+ Kf8 64. Rf7+ Ke8 {[#]} 65. Bg6 $1 Rc4+ 66. Ke5 {Intending Rd7+ and mate.} Bxe6 67. Kxe6 {KRB-KR} Kd8 68. Bf5 Rxh4 69. Rd7+ Kc8 70. Kd5 $2 (70. Ke5 $18 {aiming for Rd4+.} Kb8 71. Rh7) 70... Kb8 $11 71. Be4 $2 {[%mdl 8192]} (71. Bd3 $11) 71... Rh2 $2 {[%mdl 8192]} (71... Rf4 $11) 72. Kc6 (72. Kd6 $18 Rd2+ 73. Bd5) 72... Rh3 73. Rd8+ Ka7 74. Kc7 $2 (74. Bd5 $18 Rh2 75. Kb5 Rb2+ 76. Ka5 Rb7 77. Rh8 h4 78. Bc6 h3 79. Bxb7) 74... Ka6 75. Bc6 {[%cal Rd8a8]} Ka5 76. Rb8 (76. Rd4 {looks sharper.} Ra3 77. Re4 h4 78. Rxh4 Ra2 79. Rf4) 76... Rc3 77. Kd6 h4 78. Rb5+ Ka4 79. Rh5+ Kb4 80. Bd5 h3 81. Be6 Rd3+ 82. Ke5 Kc3 83. Bxh3 (83. Bf5 {seems wilder.} Rd2 84. Bh7 h2 85. Rh3+ Kb2 86. Be4) 83... Re3+ 84. Kd5 Rd3+ 85. Kc5 Re3 86. Bf5 Re5+ 87. Kd6 Re3 88. Kd5 Rf3 89. Be4 Rg3 90. Kc5 Re3 91. Bd5 $1 Rd3 92. Rh1 Re3 93. Ra1 Kb2 94. Ra2+ Kc3 95. Ra3+ $1 Kd2 96. Bb3 Kc3 97. Bc4+ Kd2 98. Ra2+ Kc3 99. Kd5 Re7 100. Ra3+ Kb2 101. Rh3 Rd7+ 102. Kc5 Rd2 103. Kb4 Kc2 104. Ra3 Kb2 105. Bd3 Kc1 106. Kc4 Kb2 107. Rc3 $2 (107. Rb3+ $18 Ka2 108. Rb5) 107... Rf2 {The position is equal.} 108. Rb3+ Kc1 109. Kd4 {Threatening mate with Ke3.} Rb2 110. Ra3 Kd2 111. Bc4 Kc1 112. Rh3 Kd2 113. Bb3 Kc1 114. Rg3 Kd2 115. Kc4 Kc1 116. Rd3 {[%csl Gb3][%cal Rd3d1]} Rd2 117. Rc3+ Kb2 118. Kb4 Rd4+ 119. Bc4 Rd2 120. Bd3 Rf2 121. Be4 Re2 122. Rb3+ Kc1 123. Bd3 Rb2 {Precision: White = 78%, Black = 59%.} 1/2-1/2

[Event "Your Next Move GCT 2018-Rapid"]
[Site "Leuven"]
[Date "2018.06.13"]
[Round "6"]
[White "Grischuk, Alexander"]
[Black "Nakamura, Hikaru"]
[Result "0-1"]
[WhiteElo "2783"]
[BlackElo "2813"]
[Annotator "TA"]
[PlyCount "82"]
[EventDate "2018.??.??"]
[EventType "tourn"]
[EventCountry "BEL"]
[SourceTitle "playchess.com"]
[Source "ChessBase"]
[SourceQuality "1"]

{[%evp 21,82,6,20,-9,-6,-6,-5,0,0,0,0,0,0,0,0,-25,-25,-37,-25,-18,-18,-28,-17,-24,-20,-29,-20,-26,-27,-54,-39,-96,-30,-33,-36,-40,-40,-39,-21,-21,-21,-21,-21,-21,-29,-86,-86,-86,-86,-121,-122,-118,-126,-145,0,0,0,-492,-465,-29976,-29977,-29970,-29971]} 1. e4 e5 2. Nf3 Nc6 3. Bb5 Nf6 4. O-O Nxe4 5. d4 Nd6 6. dxe5 Nxb5 7. a4 Nbd4 8. Nxd4 Nxd4 9. Qxd4 d5 {C67: Spanische Partie (Berliner Verteidigung)} 10. Qd3 (10. exd6 Qxd6 11. Qe4+ Qe6 12. Qd4 Qd6 13. Qe4+ Qe6 14. Qd4 Qd6 {½-½ (14) Safarli,E (2639)-Mamedyarov,S (2799) Riadh 2017}) 10... c6 11. a5 Qd7 {LiveBook: 6 Partien. Die Stellung ist ausgeglichen.} 12. f4 $146 ({Vorgänger:} 12. Be3 Qf5 13. Qc3 Qg6 14. f4 a6 15. Nd2 Bf5 16. Nf3 Be7 17. Bc5 Bxc5+ 18. Qxc5 {½-½ (47) Guseinov,G (2646)-Leko,P (2691) Riadh 2017}) 12... Qf5 13. Qc3 Bd7 14. Qb3 Bc5+ 15. Be3 $1 {[%cal Re3c5]} Bxe3+ 16. Qxe3 Qxc2 17. Qa3 Bf5 18. Qb4 Qe4 19. Qc5 Qc4 $36 {[%mdl 2048] Schwarz hat gut koordiniertes Spiel.} 20. Qxc4 dxc4 21. Nd2 Bd3 22. Rfc1 O-O-O 23. Nxc4 Bxc4 24. Rxc4 $11 {[%mdl 4096] Endspiel KTT-KTT} a6 25. Rac1 Rd2 26. R1c2 (26. b4 $15) 26... Rhd8 (26... Rxc2 $17 27. Rxc2 Rd8) 27. Rxd2 $1 Rxd2 {KT-KT} 28. b3 g6 29. h3 Rd3 30. b4 Kd7 31. Kf2 Rd2+ 32. Kf3 Ke6 33. g4 (33. Rc3 $11) 33... Rd3+ $17 34. Ke4 Rxh3 35. f5+ {[#]} Ke7 $1 36. Rd4 {[#]} h5 $1 {Und weiter mit ...Th4 wäre nett.} 37. Rd6 Rh4 ({Bloß nicht} 37... hxg4 38. fxg6 fxg6 39. Rxg6 $15) (37... gxf5+ $17 38. gxf5 Rh4+ 39. Kf3 Rxb4) 38. f6+ $1 $11 Ke8 39. e6 $2 {[%mdl 8192]} (39. Kd4 $1 $11 hxg4 40. Kc5) 39... Rxg4+ $19 40. Ke5 (40. Ke3 $19 fxe6 41. Rxe6+ Kf8 42. Kf2) 40... Rg5+ 41. Ke4 Rd5 {Precision: Weiß = 46%, Schwarz = 73%.} 0-1

[Event "Your Next Move GCT 2018-Rapid"]
[Site "Leuven"]
[Date "2018.06.13"]
[Round "6"]
[White "Vachier-Lagrave, Maxime"]
[Black "Anand, Viswanathan"]
[Result "1-0"]
[WhiteElo "2777"]
[BlackElo "2822"]
[Annotator "TA"]
[PlyCount "101"]
[EventDate "2018.??.??"]
[EventType "tourn"]
[EventCountry "BEL"]
[SourceTitle "playchess.com"]
[Source "ChessBase"]
[SourceQuality "1"]

{[%evp 18,101,22,16,34,12,15,11,0,14,9,9,18,-10,0,-16,10,14,29,32,25,30,38,37,43,8,12,11,13,0,16,13,27,21,21,23,24,21,24,21,20,20,20,22,20,21,20,21,46,29,64,64,112,113,109,107,91,63,63,60,63,63,63,63,63,63,63,63,63,63,63,63,63,63,63,8,63,63,29955,29949,29943,29949,12100,8460,6539,6539]} 1. e4 e5 2. Nf3 Nc6 3. Bb5 Nf6 4. O-O Nxe4 5. d4 Nd6 6. Bxc6 dxc6 7. dxe5 Nf5 8. Qxd8+ Kxd8 9. h3 Ke8 10. Nc3 b6 {C67: Ruy Lopez: Berlin Defence: 4 0-0 Nxe4} 11. Bf4 Bb4 12. Ne4 Ba6 {The position is equal.} 13. Rfc1 Be2 14. Nh2 {[#]} Bc4 $146 ({Predecessor:} 14... Rd8 15. c3 Be7 16. Re1 Bc4 17. g4 Nh4 18. Bg3 {0-1 (49) Karjakin,S (2727)-Kramnik,V (2788) Moscow 2008}) 15. Rd1 Bd5 16. c3 Bxe4 (16... Be7 {feels hotter.} 17. Ng3 Nxg3 18. Bxg3 h5 19. f4 Rd8) 17. cxb4 Rd8 18. e6 fxe6 19. Bxc7 Rxd1+ 20. Rxd1 Bd5 21. a3 Ke7 22. Be5 h5 23. f3 Kf7 24. Kf2 Rc8 25. g4 Ne7 26. gxh5 Rh8 27. Rg1 Rxh5 28. Rxg7+ Kf8 29. Bf6 Rxh3 30. Kg2 Rh6 31. Rxe7 {Threatens to win with Bg7+.} Rxf6 32. Rxa7 $11 {[%mdl 4096] Endgame KRB-KRN} Rf4 33. Kg3 e5 34. Rh7 Rd4 {[#]} 35. Ng4 $1 {[%cal Rg4e5]} e4 {[#]} 36. fxe4 $1 Bxe4 37. Rb7 b5 38. Nf6 Bf5 39. Rc7 Rd6 40. Kf4 Rxf6 $14 {KRB-KR} 41. Kg5 Rd6 {Strongly threatening ...Bc2.} 42. Kxf5 {KR-KR} Ke8 43. Ke5 Rh6 44. b3 Kd8 45. Rf7 {Black must now prevent Rf6.} Kc8 $1 46. a4 ({White should play} 46. Rg7 $14) 46... Kb8 (46... Rh4 $11) 47. a5 {[%cal Ba4a5,Ba5a6][%mdl 32]} Rh3 $2 {[%mdl 8192]} (47... Kc8 $14 48. Re7 Rg6) 48. Kd6 Rc3 49. a6 Ka8 50. Rc7 Kb8 51. Rxc6 {Precision: White = 74%, Black = 55%.} 1-0

[Event "Your Next Move GCT 2018-Rapid"]
[Site "Leuven"]
[Date "2018.06.13"]
[Round "6"]
[White "So, Wesley"]
[Black "Aronian, Levon"]
[Result "1/2-1/2"]
[WhiteElo "2763"]
[BlackElo "2795"]
[Annotator "TA"]
[PlyCount "89"]
[EventDate "2018.??.??"]
[EventType "tourn"]
[EventCountry "BEL"]
[SourceTitle "playchess.com"]
[Source "ChessBase"]
[SourceQuality "1"]

{[%evp 18,89,-6,-4,19,16,16,12,16,14,9,20,10,6,13,0,-8,-7,8,4,9,4,10,4,4,6,10,7,23,6,2,4,2,6,12,8,10,0,0,0,11,7,10,0,2,0,0,4,4,0,0,0,0,0,0,0,0,0,0,0,0,0,0,0,0,0,0,0,0,0,0,0,0,0]} 1. Nf3 d5 2. d4 Nf6 3. c4 e6 4. g3 Be7 5. Bg2 O-O 6. O-O dxc4 7. Qc2 b6 {E05: Open Catalan: 5 Nf3 Be7} (7... c6 8. Qxc4 b5 9. Qc2 Bb7 10. Nc3 Nbd7 11. Rd1 Qb6 12. Ne5 Rfd8 13. Be3 Nd5 14. Nxd5 cxd5 15. Rac1 Rac8 16. Qd3 b4 17. Rxc8 Bxc8 {½-½ (41) So,W (2799)-Mamedyarov,S (2809) Berlin 2018}) 8. Qxc4 Bb7 9. Nc3 c5 10. Rd1 {LiveBook: 10 Games} cxd4 11. Nxd4 Bxg2 12. Kxg2 Qc8 13. Qd3 $146 ({Predecessor:} 13. Qxc8 Rxc8 14. e4 Bb4 15. Nde2 Nc6 16. Bf4 {½-½ (28) Gallana,M (2131)-Basso,P (2051) Venice 2011}) 13... Nc6 14. Nxc6 Qxc6+ 15. Qf3 Rfc8 16. Bf4 Qxf3+ 17. Kxf3 Rc5 18. Be3 Rf5+ 19. Kg2 Bc5 20. Bd4 Bxd4 $1 21. Rxd4 Rc5 22. Rad1 {[#] aiming for Rd8+.} Kf8 23. Rd8+ Rxd8 {The position is equal.} 24. Rxd8+ $11 {[%mdl 4096] Endgame KRN-KRN} Ke7 25. Ra8 a5 26. Ra7+ Nd7 27. h4 Kd8 28. f4 Rc7 29. Ra8+ Rc8 30. Rxc8+ Kxc8 {KN-KN} 31. Nb5 Kd8 32. Kf3 Nc5 33. g4 Kd7 34. g5 Kc6 35. Nc3 b5 {[%cal Bb6b5,Bb5b4][%mdl 32]} 36. Ke3 b4 37. Ne4 Kd5 38. Nxc5 Kxc5 {KP-KP} 39. Kd3 f6 40. gxf6 gxf6 41. b3 Kd5 42. e4+ $1 Kc5 43. h5 h6 44. Ke3 e5 45. f5 {Precision: White = 77%, Black = 79%.} 1/2-1/2

[Event "Your Next Move GCT 2018-Rapid"]
[Site "Leuven"]
[Date "2018.06.13"]
[Round "6"]
[White "Caruana, Fabiano"]
[Black "Mamedyarov, Shakhriyar"]
[Result "0-1"]
[WhiteElo "2753"]
[BlackElo "2766"]
[Annotator "TA"]
[PlyCount "96"]
[EventDate "2018.??.??"]
[EventType "tourn"]
[EventCountry "BEL"]
[SourceTitle "playchess.com"]
[Source "ChessBase"]
[SourceQuality "1"]

{[%evp 18,96,27,21,49,50,60,54,54,59,48,42,107,67,71,71,90,75,85,98,82,62,61,62,51,0,0,-7,0,-45,-62,-91,-58,-54,-54,-105,-31,-52,0,-70,-65,-84,-83,-72,-77,-133,-57,-72,0,0,0,0,-8,-22,3,29,13,19,36,9,95,57,62,0,344,342,346,0,59,62,60,129,80,62,66,67,52,-177,0,-29997,-29998]} 1. e4 e5 2. Nf3 Nc6 3. Bb5 g6 4. c3 a6 5. Ba4 Bg7 (5... d6 6. d4 Bd7 7. O-O Bg7 8. Re1 Nf6 9. h3 O-O 10. Bc2 Re8 11. Nbd2 b6 12. Nf1 h6 13. Ng3 Qe7 14. Be3 Qf8 15. Qd2 Rad8 16. Rad1 Na7 {0-1 (42) Hou,Y (2652)-Caruana,F (2802) chess.com INT 2017}) 6. d4 {C70: Ruy Lopez: 3...a6 4 Ba4, Norwegian and Delayed Schliemann} exd4 7. cxd4 b5 8. Bc2 d6 9. d5 Na5 10. O-O {LiveBook: 3 Games} Nc4 11. Nc3 {[%cal Bb1c3,Bc3e2,Be2d4][%mdl 32]} Ne7 12. Bd3 $146 ({Predecessor:} 12. Nd4 O-O {1-0 (59) Bodnaruk,A (2475)-Styazhkina,A (2302) Mamaia 2016}) 12... Nb6 13. a4 b4 14. Ne2 a5 (14... Bg4 $14) 15. Ned4 O-O 16. Bg5 {aiming for Nc6.} Bd7 17. Qc2 f6 18. Be3 f5 19. Ne6 Bxe6 20. dxe6 c5 21. Rad1 ({White should play} 21. exf5 $14 Nxf5 22. Bg5) 21... f4 22. Bc1 $1 Nc6 23. Bb5 Ne5 24. b3 Qe7 25. Nxe5 Bxe5 26. Bc6 (26. Bb2 $15) 26... Rac8 (26... f3 $17 27. Bxa8 Qxe6) 27. Bd5 $1 $15 Kg7 (27... Rc7 $15) 28. Rfe1 ({White should try} 28. Bb2 $11) 28... Qf6 29. Rd3 Rc7 30. g3 g5 31. Qe2 (31. Kh1 $142) 31... Kh8 (31... c4 $1 $17 {[%cal Rc4d3]} 32. Rf3 Bc3) 32. Rf3 $1 Qh6 (32... c4 $17 {Black wants to play ...Bc3.} 33. bxc4 Rfc8) 33. Qb5 $11 Qh5 34. Rd3 Nc8 35. Rd2 Rg7 36. Bb2 {And now Bxe5 would win.} g4 $1 37. Bxe5 Qxe5 38. Qxa5 {Black should prevent Qb5.} Rg6 (38... h5 $11 {remains equal.}) 39. Qa6 $36 {[%mdl 2048] Black is under pressure.} Rh6 $1 40. Qd3 (40. Qc4 $14) 40... fxg3 $2 {[%mdl 8192]} (40... Ne7 $1 $11 {and Black is okay.}) 41. fxg3 $18 (41. Qxg3 Qg5 $16) 41... Rf3 42. Qa6 $2 ({Only move:} 42. Qb1 $18) 42... Rxg3+ (42... Rxh2 $11 43. Qxc8+ Kg7 44. Qd7+ (44. Rxh2 $2 {is a self mate.} Qxg3+ 45. Rg2 Qxe1+ 46. Kh2 Rh3#) 44... Kg6 45. Qe8+ (45. Rxh2 $2 {gets mated.} Qxg3+ 46. Rg2 Qxe1+ 47. Kh2 Rh3#) 45... Kg7 46. Qe7+ (46. Rxh2 $2 Qxg3+ 47. Rg2 Qxe1+ 48. Kh2 Rh3#) 46... Kh8 47. Qd8+ Kg7 48. Qe7+ (48. Rxh2 $2 Qxg3+ 49. Rg2 Qxe1+ 50. Kh2 Rh3#) 48... Kh8 49. Qd8+ Kg7 50. Qd7+ (50. Rxh2 $2 Qxg3+ 51. Rg2 Qxe1+ 52. Kh2 Rh3#) 50... Kg6 51. Qe8+ (51. Rxh2 $2 Qxg3+ 52. Rg2 Qxe1+ 53. Kh2 Rh3#) 51... Kg7 52. Qd7+ (52. Rxh2 $2 Qxg3+ 53. Rg2 Qxe1+ 54. Kh2 Rh3#)) 43. Kh1 $14 Ne7 44. Qa8+ Kg7 45. Qe8 Qf6 {( -> ...Qf3+)} 46. e5 $1 {[%cal Re5f6]} dxe5 47. Ba8 $2 {[#]} (47. Rf2 $1 $14 {stays ahead.} Rxh2+ 48. Rxh2 Nxd5 49. Qf7+ Qxf7 50. exf7) 47... e4 $2 {[#]} ({And not} 47... Rxb3 48. Rf2 $3 $11 {[%mdl 512]}) ({Better is} 47... Re3 $1 $19 {[%cal Re3e1][%mdl 512]} 48. Rg1 (48. Rxe3 Qf1#) 48... g3) 48. Rf2 $2 {[%mdl 8192] [#]} (48. Qf7+ $1 $11 {[%mdl 512]} Qxf7 49. exf7) 48... Rxh2+ $1 {[%mdl 512] Precision: White = 53%, Black = 53%.} 0-1

[Event "Your Next Move GCT 2018-Rapid"]
[Site "Leuven"]
[Date "2018.06.13"]
[Round "6"]
[White "Karjakin, Sergey"]
[Black "Giri, Anish"]
[Result "1/2-1/2"]
[WhiteElo "2743"]
[BlackElo "2779"]
[Annotator "TA"]
[PlyCount "68"]
[EventDate "2018.??.??"]
[EventType "tourn"]
[EventCountry "BEL"]
[SourceTitle "playchess.com"]
[Source "ChessBase"]
[SourceQuality "1"]

{[%evp 20,68,14,12,13,0,15,11,13,11,18,11,11,11,13,17,22,0,21,11,22,22,22,13,18,13,13,8,6,13,15,13,29,22,22,0,0,2,14,14,14,0,0,0,8,15,11,0,0,0,0]} 1. e4 e5 2. Nf3 Nf6 3. Nxe5 d6 4. Nf3 Nxe4 5. Nc3 Nxc3 6. dxc3 Be7 7. Be3 O-O 8. Qd2 {C42: Russische Verteidigung (Petrow)} Nd7 9. O-O-O c6 10. h4 (10. Kb1 d5 11. c4 Nb6 12. cxd5 Nxd5 13. Bc4 Bf5 14. Bxd5 cxd5 15. Qxd5 Qc8 {0-1 (39) Robson,R (2660)-Caruana,F (2804) Saint Louis 2018}) 10... Re8 11. Bd3 {LiveBook: 8 Partien} d5 12. Kb1 Bc5 13. Bd4 Bxd4 14. cxd4 Nf6 15. Rde1 Ne4 16. Qf4 {[%cal Rd3e4]} Qf6 17. Qxf6 Nxf6 {[#]} 18. Ne5 $146 ({Vorgänger:} 18. c3 Ne4 19. Ng5 Bf5 {½-½ (19) Efendiyev,E (2565)-Johnson,B (2471) ICCF email 2016}) 18... g6 19. a4 {[%cal Ba2a4,Ba4a5][%mdl 32]} Ng4 20. Nxg4 Bxg4 21. a5 Kf8 22. f3 Bd7 23. Kc1 Rxe1+ 24. Rxe1 $11 {[%mdl 4096] Endspiel KTL-KTL} Re8 25. Rh1 h6 26. Kd2 Ke7 {Die Stellung ist ausgeglichen.} 27. Ke3 Kf6+ 28. Kf4 Bf5 29. Bxf5 gxf5 {KT-KT} 30. g3 Re2 31. Rc1 Rd2 32. Ke3 Rg2 33. Kf4 Rd2 34. Ke3 Rg2 {Precision: Weiß = 53%, Schwarz = 57%.} 1/2-1/2

[Event "Your Next Move GCT 2018-Rapid"]
[Site "Leuven"]
[Date "2018.06.14"]
[Round "7"]
[White "Anand, Viswanathan"]
[Black "Grischuk, Alexander"]
[Result "0-1"]
[WhiteElo "2822"]
[BlackElo "2783"]
[Annotator "TA"]
[PlyCount "82"]
[EventDate "2018.??.??"]
[EventType "tourn"]
[EventCountry "BEL"]
[SourceTitle "playchess.com"]
[Source "ChessBase"]
[SourceQuality "1"]

{[%evp 15,82,12,13,13,22,9,14,13,17,8,0,-45,-47,-38,-44,-40,-30,-48,-46,-44,-44,-47,-46,-39,-36,-49,-49,-58,-54,-57,-58,-63,-59,-60,-54,-75,-64,-63,-56,-83,-71,-90,-90,-85,-79,-109,-109,-107,-80,-81,-80,-135,-79,-88,-83,-79,-83,-82,-89,-136,-136,-135,-143,-181,-181,-174,-153,-641,-637]} 1. e4 c5 2. Nf3 {[%cal Bg1f3,Bf3d4,Bd4e2,Be2c3][%mdl 32]} d6 3. d4 cxd4 4. Nxd4 Nf6 5. Nc3 a6 6. g3 e5 7. Nde2 Be7 8. Bg2 b5 9. Nd5 {B91: Sicilian Najdorf: 6 g3} Nbd7 10. Nec3 Nb6 11. Nxe7 {The position is equal.} Qxe7 12. a4 $146 ({Predecessor:} 12. Bg5 O-O 13. O-O h6 14. Bxf6 Qxf6 15. a4 b4 16. Nd5 Nxd5 17. Qxd5 {½-½ (27) Navara,D (2745)-Wojtaszek,R (2744) Shamkir 2018}) 12... b4 13. a5 bxc3 14. axb6 cxb2 $1 15. Bxb2 Rb8 16. O-O Rxb6 17. Ba3 O-O 18. Qd2 Rd8 19. Bb4 {White wants to play Ba5.} Rc6 20. c3 Be6 21. Rfd1 Bb3 22. Rdb1 Bc4 23. Rd1 h6 24. Qe3 Qe6 25. Rd2 Rd7 {[%cal Bd8d7,Bd7b7,Bb7b5][%mdl 32]} 26. Rad1 Bb3 27. Rb1 Rb7 28. h3 Rb5 29. Ra1 Bc4 30. Qa7 d5 31. exd5 Nxd5 32. Ra5 e4 33. Rxb5 (33. Qd4 $142 Nf6 34. Rxb5 axb5 35. Rd1) 33... axb5 ({Black should try} 33... Bxb5 34. Rd4 f5) 34. Qd4 $17 f5 35. g4 Nf6 ({Stronger than} 35... fxg4 36. Bxe4 Nf6 37. Qd8+ Ne8 38. Bxc6 $18) 36. gxf5 Qxf5 37. Be7 Nd5 $36 {[%mdl 2048] Black is really pushing.} 38. Bh4 Re6 39. Qc5 Kh7 {Strongly threatening ...Rg6.} 40. Bg3 e3 41. Rxd5 $2 {[#]} (41. fxe3 $17 Qg6 42. Kh2 Nxc3 43. Be5) 41... Bxd5 {Precision: White = 47%, Black = 92%.} 0-1

[Event "Your Next Move GCT 2018-Rapid"]
[Site "Leuven"]
[Date "2018.06.14"]
[Round "7"]
[White "Nakamura, Hikaru"]
[Black "So, Wesley"]
[Result "0-1"]
[WhiteElo "2813"]
[BlackElo "2763"]
[Annotator "TA"]
[PlyCount "68"]
[EventDate "2018.??.??"]
[EventType "tourn"]
[EventCountry "BEL"]
[SourceTitle "playchess.com"]
[Source "ChessBase"]
[SourceQuality "1"]

{[%evp 10,68,-4,0,0,-102,-102,-91,-83,-154,-147,-145,-170,-146,-126,-174,-170,-169,-160,-189,-167,-165,-162,-160,-120,-201,-167,-310,-318,-334,-307,-310,-275,-272,-262,-365,-374,-374,-368,-371,-372,-369,-363,-344,-355,-391,-391,-383,-375,-391,-468,-421,-422,-610,-598,-527,-589,-5406,-5176,-2090,-1891]} 1. d4 Nf6 2. Bf4 d5 3. e3 c5 4. dxc5 (4. Nd2 Nc6 5. c3 Bf5 6. Ngf3 e6 7. Be2 Bd6 8. dxc5 Bxc5 9. Nd4 Bg6 10. Qa4 O-O 11. Nxc6 bxc6 12. Qxc6 Rc8 13. Qa4 Re8 14. O-O e5 {0-1 (57) Le,Q (2737)-Ding,L (2777) Riadh 2017}) 4... e6 5. b4 a5 6. c3 {LiveBook: 10 Games. D00: 1 d4 d5: Unusual lines} Bd7 7. Qb3 $146 (7. Nd2 $11) ({Predecessor:} 7. Na3 Be7 8. Nb5 O-O 9. Nf3 Ne4 10. Nfd4 axb4 11. cxb4 Bxc5 {0-1 (35) Danielian,E (2487)-Christiansen,J (2310) Doha 2014}) 7... axb4 $17 8. cxb4 {Black is better.} b6 9. Bd6 (9. Bd3 $142) 9... Ne4 10. Qb2 {White wants to play Bxf8.} Nxd6 (10... bxc5 11. Bxf8 Kxf8 12. Nd2 $15) 11. cxd6 Qf6 ({Don't take} 11... Bxd6 12. Qxg7 Bxb4+ 13. Nd2 $15) 12. Qxf6 gxf6 13. b5 Bxd6 14. a4 Ke7 15. Bd3 Rc8 16. Ne2 e5 {Hoping for ...e4.} 17. f3 (17. O-O $17) 17... f5 $19 {And now ...e4 would win.} 18. Ra2 (18. Nd2 $142) 18... Be6 19. Rc2 Bb4+ ({Less strong is} 19... Rxa4 20. Rxc8 Bxc8 21. Nec3 $15) 20. Kf1 Rxa4 21. Rxc8 Bxc8 22. Nec3 Bxc3 $1 23. Nxc3 Ra3 ({Not} 23... Ra1+ 24. Nb1 $19) 24. Nxd5+ {[#]} Kd6 $1 25. Nxb6 {[#]} Be6 $1 26. Bb1 Kc5 27. Nc8 Bxc8 28. Kf2 {Rc1+ is the strong threat.} Be6 29. g4 fxg4 30. Bxh7 {Black is clearly winning.} Nd7 31. Rb1 (31. fxg4 $142 Bxg4 32. h3 Ra2+ 33. Kg3) 31... Ra2+ 32. Kg3 gxf3 33. h4 f5 34. Kxf3 Nf6 {Precision: White = 37%, Black = 92%.} 0-1